00521nam a2200193 a 4500001001300000003000900013005001700022008004100039020001000080082001300090100002100103245003600124260005800160300000900218500003500227505001000262650003400272700002100306nice12345678IN_TiNIC20260116012047.0050524s1968 hyda grp 000 0 eng  ac10000a027bGHO aGhouse, Mohammad aCatalogue of Arabic Manuscripts aHyderabadbMinistry of Education, Govt of Indiac1968 a382p aincludes index and biblioraphy2 aIndex aManuscripts-Library-Catalogue1 aGhouse, Mohammad